Buddhist cave paintings of Bagh (Record no. 118486)

MARC details
000 -LEADER
fixed length control field 00376nam a2200145Ia 4500
008 - FIXED-LENGTH DATA ELEMENTS--GENERAL INFORMATION
fixed length control field 230917s9999||||xx |||||||||||||| ||und||
040 ## - CATALOGING SOURCE
-- 101645
Original cataloging agency VIVEKANANDA LIBRARY
041 ## - Language
-- English
082 ## - DDC NUMBER
Classification number 759.9543 P192B
100 ## - MAIN ENTRY--PERSONAL NAME
Personal name Pande, Anupa
245 #0 - TITLE STATEMENT
Title Buddhist cave paintings of Bagh
260 ## - PUBLICATION, DISTRIBUTION, ETC. (IMPRINT)
Place of publication, distribution, etc New Delhi
Name of publisher, distributor, etc Aryan Books International
Date of publication, distribution, etc 2002
300 ## - PHYSICAL DESCRIPTION
Pages xi,212p p.
942 ## - ADDED ENTRY ELEMENTS (KOHA)
Koha item type Books
Holdings
Withdrawn status Lost status Damaged status Not for loan Location (home branch) Sublocation or collection (holding branch) Date acquired Koha issues (times borrowed) Koha full call number Accession No. Koha date last seen Koha item type
        VIVEKANANDA LIBRARY VIVEKANANDA LIBRARY 06/07/2004   759.9543 P192B 210302 17/09/2023 Books
        VIVEKANANDA LIBRARY VIVEKANANDA LIBRARY 06/07/2004   759.9543 P192B 257417 17/09/2023 Books
© Designed and Maintained by Vivekananda Library, MDU Rohtak